[Event "TIPC 2008 Open"]
[Site "Charleroi"]
[Date "2008.07.26"]
[Round "1.2"]
[White "Colin, Vincent"]
[Black "Pacolet, Fabrice"]
[Result "1-0"]
[WhiteElo "2424"]
[BlackElo "1858"]
[PlyCount "49"]
[EventDate "2008.07.26"]
[SourceDate "2008.07.26"]

1. d4 d5 2. c4 c6 3. Nf3 Nf6 4. Nc3 dxc4 5. e4 b5 6. e5 Nd5 7. a4 b4 8. Ne4 e6
9. Bxc4 h6 10. O-O a5 11. Re1 Be7 12. Bd2 O-O 13. Rc1 Qb6 14. Ba2 Na6 15. Bb1
f5 16. exf6 Nxf6 17. Nxf6+ Rxf6 18. Qc2 Rxf3 19. Qh7+ Kf8 20. Bg6 Bf6 21. Qh8+
Ke7 22. Qe8+ Kd6 23. gxf3 Kc7 24. Bf4+ Kb7 25. Rxc6 1-0

[Event "TIPC 2008 Open"]
[Site "Charleroi"]
[Date "2008.07.26"]
[Round "1.3"]
[White "Gorts, Sven"]
[Black "Saiboulatov, Daniyal"]
[Result "0-1"]
[WhiteElo "1849"]
[BlackElo "2371"]
[PlyCount "58"]
[EventDate "2008.07.26"]
[SourceDate "2008.07.26"]

1. e4 e6 2. d4 d5 3. Nc3 Bb4 4. e5 c5 5. a3 Bxc3+ 6. bxc3 Qc7 7. Nf3 Bd7 8. Bd2
Ba4 9. Qb1 c4 10. Be2 Nc6 11. O-O Nge7 12. Ng5 h6 13. Nh3 O-O-O 14. f4 Rdg8 15.
Nf2 Nf5 16. g4 Nh4 17. Nd1 f5 18. Nb2 Qa5 19. Nxa4 Qxa4 20. h3 g5 21. fxg5 hxg5
22. Be1 Ne7 23. Qb4 Qxb4 24. cxb4 Nhg6 25. Bd2 Rxh3 26. Bxg5 Nc6 27. Rad1 Ngxe5
28. Kg2 Rh7 29. dxe5 Rxg5 0-1

[Event "TIPC 2008 Open"]
[Site "Charleroi"]
[Date "2008.07.26"]
[Round "1.10"]
[White "Sarrau, Jelle"]
[Black "Wautelet, Patrick"]
[Result "1-0"]
[WhiteElo "2203"]
[BlackElo "1780"]
[PlyCount "87"]
[EventDate "2008.07.26"]
[SourceDate "2008.07.26"]

1. e4 e6 2. d4 d5 3. Nc3 Bb4 4. e5 Ne7 5. a3 Bxc3+ 6. bxc3 c5 7. Qg4 Qc7 8.
Qxg7 Rg8 9. Qxh7 cxd4 10. Ne2 Nbc6 11. f4 dxc3 12. Qd3 Bd7 13. h4 O-O-O 14. Rb1
Nf5 15. Rh3 Rh8 16. h5 Rdg8 17. Qxc3 Rg4 18. Bd2 Qd8 19. g3 Qc7 20. Bg2 Nh6 21.
Be3 b6 22. Qd3 Na5 23. Nd4 Qc4 24. Rb4 Qxd3 25. cxd3 Nc6 26. Nxc6 Bxc6 27. Bf3
Rg7 28. Ke2 Nf5 29. g4 Nxe3 30. Kxe3 Rd8 31. h6 Rh7 32. d4 Kd7 33. Be2 Rc8 34.
Kd2 Ke7 35. g5 Bd7 36. Rbb3 Ba4 37. Rbc3 Rxc3 38. Rxc3 Kd8 39. Ke3 Be8 40. Kf3
Ba4 41. Kg4 Bd7 42. Kh5 Be8 43. Bd3 Rh8 44. h7 1-0

[Event "TIPC 2008 Open"]
[Site "Charleroi"]
[Date "2008.07.26"]
[Round "1.20"]
[White "Bikady, Claude"]
[Black "Charlier, Dominique"]
[Result "1-0"]
[WhiteElo "2089"]
[BlackElo "1647"]
[PlyCount "59"]
[EventDate "2008.07.26"]
[SourceDate "2008.07.26"]

1. e4 b6 2. d4 Bb7 3. Bd3 e6 4. Be3 Nf6 5. Nd2 d5 6. e5 Nfd7 7. f4 c5 8. c3 f5
9. Ngf3 Be7 10. O-O Nc6 11. Ng5 Bxg5 12. fxg5 Qe7 13. Rc1 a5 14. g4 fxg4 15.
Qxg4 O-O-O 16. Rf2 h6 17. Rcf1 Ndxe5 18. dxe5 Nxe5 19. Qe2 hxg5 20. Bxc5 Qxc5
21. Qxe5 b5 22. Nb3 Qb6 23. Nd4 Rh4 24. Be2 Re4 25. Qxg5 e5 26. Nxb5 Kb8 27.
Qxd8+ Qxd8 28. Rf8 Qxf8 29. Rxf8+ Bc8 30. Rxc8+ 1-0

[Event "TIPC 2008 Open"]
[Site "Charleroi"]
[Date "2008.07.26"]
[Round "1.21"]
[White "Charlier, Benoit"]
[Black "Van De Wynkele, Eric"]
[Result "0-1"]
[WhiteElo "1639"]
[BlackElo "2071"]
[PlyCount "90"]
[EventDate "2008.07.26"]
[SourceDate "2008.07.26"]

1. d4 Nf6 2. c4 e6 3. Nc3 Bb4 4. Qc2 Nc6 5. Nf3 b6 6. e3 O-O 7. Bd3 d5 8. O-O
dxc4 9. Bxc4 Bb7 10. Rd1 Be7 11. a3 Nb8 12. Qe2 Nbd7 13. b4 Nd5 14. Bb2 a5 15.
b5 Bd6 16. Rac1 Qe7 17. Bd3 h6 18. Ne4 Bxa3 19. Bxa3 Qxa3 20. Ra1 Qe7 21. Rdc1
Rac8 22. Rc4 e5 23. dxe5 Nxe5 24. Nxe5 Qxe5 25. Rac1 Nb4 26. Nc3 Rfe8 27. Rf4
Qxf4 28. exf4 Rxe2 29. Bxe2 Nd5 30. Bg4 Nxc3 31. Rxc3 Re8 32. Kf1 Re7 33. g3 g6
34. h4 h5 35. Bd1 Kf8 36. f5 Kg7 37. f3 gxf5 38. f4 Kg6 39. Be2 Bg2+ 40. Ke1
Rd7 41. Rc2 Bh3 42. Kf2 Bg4 43. Rc6+ Kg7 44. Bc4 Bd1 45. Ke1 Bf3 0-1

[Event "TIPC 2008 Open"]
[Site "Charleroi"]
[Date "2008.07.26"]
[Round "1.25"]
[White "Charlier, Pascal"]
[Black "Lafosse, Jimmy"]
[Result "0-1"]
[WhiteElo "1611"]
[BlackElo "2014"]
[PlyCount "38"]
[EventDate "2008.07.26"]
[SourceDate "2008.07.26"]

1. e3 g6 2. d4 Bg7 3. Nf3 c5 4. c3 d5 5. Bd3 Nf6 6. Nbd2 Nc6 7. O-O O-O 8. Re1
Re8 9. h3 e5 10. dxe5 Nxe5 11. Nxe5 Rxe5 12. Qf3 Bf5 13. e4 dxe4 14. Nxe4 Nxe4
15. Bxe4 Qe8 16. Bxb7 Rxe1+ 17. Kh2 Be4 18. Bxe4 Qxe4 19. Bd2 Qxf3 0-1

[Event "TIPC 2008 Open"]
[Site "Charleroi"]
[Date "2008.07.26"]
[Round "1.27"]
[White "Magnifico, Cédric"]
[Black "Lhost, Geoffrey"]
[Result "0-1"]
[WhiteElo "1601"]
[BlackElo "2010"]
[PlyCount "60"]
[EventDate "2008.07.26"]
[SourceDate "2008.07.26"]

1. c4 e5 2. Nc3 Bb4 3. g3 Nf6 4. Bg2 O-O 5. d3 Nc6 6. Bg5 h6 7. Bd2 Re8 8. a3
Bxc3 9. Bxc3 d5 10. cxd5 Nxd5 11. e4 Nxc3 12. bxc3 Qd6 13. Nf3 Rd8 14. d4 exd4
15. cxd4 Nxd4 16. Nxd4 Qxd4 17. Qxd4 Rxd4 18. O-O Be6 19. Rfd1 Rad8 20. Rxd4
Rxd4 21. f4 c5 22. Rc1 b6 23. Rc2 Rd3 24. e5 Rxa3 25. Rd2 c4 26. Be4 g6 27.
Rd8+ Kg7 28. Re8 Re3 29. Bc2 Re2 30. Bd1 Re1+ 0-1

[Event "TIPC 2008 Open"]
[Site "Charleroi"]
[Date "2008.07.26"]
[Round "1.30"]
[White "Debilloez, Yves"]
[Black "Cuypers, Thierry"]
[Result "1-0"]
[WhiteElo "1990"]
[BlackElo "1558"]
[PlyCount "25"]
[EventDate "2008.07.26"]
[SourceDate "2008.07.26"]

1. d4 d5 2. c4 c6 3. Nf3 Nd7 4. cxd5 cxd5 5. Nc3 Ngf6 6. Bf4 g6 7. Qb3 e6 8.
Nb5 Qa5+ 9. Bd2 Qb6 10. Rc1 Bd6 11. e3 a5 12. Nxd6+ Qxd6 13. Bxa5 1-0

[Event "TIPC 2008 Open"]
[Site "Charleroi"]
[Date "2008.07.26"]
[Round "1.37"]
[White "Reyskens, Jules"]
[Black "Dessomme, Francois"]
[Result "0-1"]
[WhiteElo "1510"]
[BlackElo "1975"]
[PlyCount "78"]
[EventDate "2008.07.26"]
[SourceDate "2008.07.26"]

1. e4 e6 2. d4 d5 3. Nc3 Bb4 4. Nge2 dxe4 5. a3 Bxc3+ 6. Nxc3 f5 7. f3 exf3 8.
Qxf3 Nf6 9. Bf4 O-O 10. O-O-O Nbd7 11. Bc4 Nb6 12. Bb3 c6 13. Rhe1 Nbd5 14.
Nxd5 exd5 15. Bg5 h6 16. Bf4 Bd7 17. Bd6 Re8 18. c4 Be6 19. cxd5 cxd5 20. Be5
Ne4 21. Kb1 Rc8 22. Ka1 Qa5 23. Qf4 g5 24. Qe3 f4 25. Qe2 Rc6 26. Qd3 Kf8 27.
h4 Bf5 28. hxg5 Ng3 29. Qf3 hxg5 30. Bxd5 Rec8 31. Bxc6 Rxc6 32. Rh1 Nxh1 33.
Rxh1 Qd2 34. Qd5 Rc1+ 35. Rxc1 Qxc1+ 36. Ka2 Bb1+ 37. Kb3 Qc2+ 38. Kb4 Qxb2+
39. Kc5 Qc3+ 0-1

[Event "TIPC 2008 Open"]
[Site "Charleroi"]
[Date "2008.07.26"]
[Round "1.40"]
[White "Vanhee, Freddy"]
[Black "Padovano, Quentin"]
[Result "1-0"]
[WhiteElo "1964"]
[BlackElo "1500"]
[PlyCount "29"]
[EventDate "2008.07.26"]
[SourceDate "2008.07.26"]

1. d4 Nf6 2. Bg5 Ne4 3. Bf4 b6 4. f3 Nd6 5. e4 Ba6 6. Bxa6 Nxa6 7. Nh3 h6 8.
O-O c5 9. d5 g5 10. Bxd6 exd6 11. Na3 Nc7 12. Qe2 a6 13. Nc4 Rb8 14. e5 dxe5
15. Qxe5+ 1-0

[Event "TIPC 2008 Open"]
[Site "Charleroi"]
[Date "2008.07.26"]
[Round "1.41"]
[White "Dejasse, Daniel"]
[Black "Marchiano, Marco"]
[Result "0-1"]
[WhiteElo "1484"]
[BlackElo "1948"]
[PlyCount "44"]
[EventDate "2008.07.26"]
[SourceDate "2008.07.26"]

1. e4 e5 2. f4 exf4 3. Nf3 Ne7 4. d4 d5 5. e5 Ng6 6. Bd3 Be7 7. O-O O-O 8. c4
Nc6 9. Nc3 dxc4 10. Bxc4 Bg4 11. Ne2 Bxf3 12. Rxf3 Ncxe5 13. Rc3 Nxc4 14. Rxc4
Bd6 15. d5 Qf6 16. Qf1 Rad8 17. Nxf4 Nxf4 18. Bxf4 Bxf4 19. Rxf4 Qxb2 20. Rb1
Qxa2 21. Rxb7 Qxd5 22. Rxa7 Qc5+ 0-1

[Event "TIPC 2008 Open"]
[Site "Charleroi"]
[Date "2008.07.26"]
[Round "1.49"]
[White "Garcia-Hernando, François"]
[Black "Roels, Frederik"]
[Result "0-1"]
[WhiteElo "1399"]
[BlackElo "1901"]
[PlyCount "88"]
[EventDate "2008.07.26"]
[SourceDate "2008.07.26"]

1. e4 c5 2. d4 cxd4 3. c3 Nf6 4. e5 Nd5 5. Nf3 Nc6 6. Bc4 Nb6 7. Bb3 dxc3 8.
Nxc3 e6 9. Bf4 Be7 10. O-O O-O 11. Ne4 Na5 12. Bc2 Nd5 13. Bg3 f5 14. exf6 Bxf6
15. Nxf6+ Qxf6 16. Be5 Qe7 17. Qd3 g6 18. a3 Nc6 19. Bg3 a5 20. Rfe1 Qg7 21.
Bb3 Rf5 22. Nh4 Rh5 23. Bd1 Rh6 24. Bb3 Nce7 25. Be5 Qf7 26. g3 b6 27. f4 Bb7
28. Rac1 Rxh4 29. gxh4 Nf5 30. Bxd5 Bxd5 31. Qc3 Qe7 32. Qh3 d6 33. Bc3 Nxh4
34. Re3 Rf8 35. Rf1 Bg2 36. Qxe6+ Qxe6 37. Rxe6 Bxf1 38. Kxf1 Rxf4+ 39. Ke2 Nf5
40. Re8+ Kf7 41. Rb8 Rh4 42. Rxb6 Rxh2+ 43. Kf3 a4 44. Ke4 Ke6 0-1

[Event "TIPC 2008 Open"]
[Site "Charleroi"]
[Date "2008.07.26"]
[Round "1.50"]
[White "Atienza, Hilario"]
[Black "Derzelle, Alessendro"]
[Result "1-0"]
[WhiteElo "1900"]
[BlackElo "1393"]
[PlyCount "39"]
[EventDate "2008.07.26"]
[SourceDate "2008.07.26"]

1. e4 c5 2. Nf3 d6 3. d4 cxd4 4. Nxd4 Nf6 5. Nc3 g6 6. Be3 Bg7 7. f3 O-O 8. Qd2
a6 9. O-O-O Nbd7 10. g4 Nb6 11. h4 Qc7 12. h5 d5 13. hxg6 fxg6 14. Bh6 dxe4 15.
Bxg7 Kxg7 16. Qh6+ Kg8 17. Nxe4 Rf7 18. Ng5 Rg7 19. Nge6 Bxe6 20. Nxe6 1-0

[Event "TIPC 2008 Open"]
[Site "Charleroi"]
[Date "2008.07.26"]
[Round "1.52"]
[White "Billot, Daniel"]
[Black "Lorand, Bernard"]
[Result "1-0"]
[WhiteElo "1888"]
[BlackElo "1276"]
[PlyCount "49"]
[EventDate "2008.07.26"]
[SourceDate "2008.07.26"]

1. e4 e6 2. d4 d5 3. e5 c5 4. c3 Be7 5. Bd3 f6 6. Qh5+ Kf8 7. Nf3 Qb6 8. O-O
Bd7 9. Re1 Nc6 10. a4 cxd4 11. a5 Nxa5 12. Nxd4 Bc5 13. b4 Nb3 14. bxc5 Nxc5
15. Ba3 Be8 16. Bxc5+ Qxc5 17. Nxe6+ Ke7 18. exf6+ Nxf6 19. Nxc5+ Kf8 20. Ne6+
Kg8 21. Qg5 Nh5 22. Nxg7 h6 23. Qxd5+ Kxg7 24. Re7+ Kf6 25. Qe5# 1-0

[Event "TIPC 2008 Open"]
[Site "Charleroi"]
[Date "2008.07.26"]
[Round "1.56"]
[White "Frederiksen, Jens"]
[Black "Giannavola, Michel"]
[Result "1-0"]
[WhiteElo "1872"]
[BlackElo "1150"]
[PlyCount "93"]
[EventDate "2008.07.26"]
[SourceDate "2008.07.26"]

1. e4 e5 2. Nf3 Nc6 3. Bc4 h6 4. d4 f6 5. dxe5 fxe5 6. Bxg8 Rxg8 7. Qd5 Rh8 8.
Nxe5 Nxe5 9. Qxe5+ Qe7 10. Qh5+ Qf7 11. Qxf7+ Kxf7 12. Bf4 d6 13. Nc3 c6 14.
O-O-O Be6 15. Bxd6 Bxd6 16. Rxd6 Rad8 17. Rhd1 Rxd6 18. Rxd6 Ke7 19. Rd4 Rb8 {
Ta8 ?} 20. Ne2 Bxa2 21. b3 Rf8 22. f3 g5 23. Kb2 Bxb3 24. cxb3 b5 25. Rd2 Rc8
26. Nd4 Kf6 27. Rc2 a6 28. Rxc6+ Rxc6 29. Nxc6 Ke6 30. b4 Kd6 31. Nb8 h5 32.
Nxa6 Kc6 33. Kc3 Kd6 34. Kd4 Kd7 35. Kd5 g4 36. f4 h4 37. e5 Ke7 38. Nc7 Kf7
39. f5 Kg7 40. Nxb5 Kh6 41. e6 Kg5 42. Ke5 h3 43. g3 Kh6 44. Kf6 Kh7 45. e7 Kh6
46. e8=Q Kh7 47. Qg6+ 1-0

[Event "TIPC 2008 Open"]
[Site "Charleroi"]
[Date "2008.07.27"]
[Round "2.1"]
[White "Sumets, Andrey"]
[Black "Debilloez, Yves"]
[Result "1-0"]
[WhiteElo "2534"]
[BlackElo "1990"]
[PlyCount "55"]
[EventDate "2008.07.26"]
[SourceDate "2008.07.26"]

1. d4 Nf6 2. c4 c5 3. d5 e6 4. Nf3 exd5 5. cxd5 d6 6. e4 Nbd7 7. Bd3 a6 8. O-O
Be7 9. h3 b5 10. a4 c4 11. Bc2 b4 12. Qd4 a5 13. Nbd2 Ba6 14. Nxc4 Bxc4 15.
Qxc4 O-O 16. Nd4 Kh8 17. Qe2 Re8 18. Nc6 Qc7 19. Bf4 Bf8 20. Qc4 Rac8 21. Bd3
Nc5 22. Qxc5 dxc5 23. Bxc7 Rxc7 24. f3 Ra8 25. Bb5 Nd7 26. e5 Rac8 27. e6 Nb6
28. Rfe1 1-0

[Event "TIPC 2008 Open"]
[Site "Charleroi"]
[Date "2008.07.27"]
[Round "2.4"]
[White "Geboers, Jimmy"]
[Black "Laurent, Bruno"]
[Result "0-1"]
[WhiteElo "1983"]
[BlackElo "2339"]
[PlyCount "78"]
[EventDate "2008.07.26"]
[SourceDate "2008.07.26"]

1. d4 e6 2. c4 Nf6 3. Nc3 c5 4. d5 exd5 5. cxd5 Bd6 6. e4 O-O 7. Bg5 Re8 8.
Bxf6 Qxf6 9. Qf3 Qe7 10. Bc4 a6 11. a4 Be5 12. Nge2 d6 13. Qd3 Nd7 14. O-O
Bxh2+ 15. Kxh2 Ne5 16. Qg3 Nxc4 17. Ra2 Bd7 18. b3 Ne5 19. f3 b5 20. axb5 axb5
21. Rfa1 Rxa2 22. Rxa2 b4 23. Nb1 h5 24. Nd2 h4 25. Qf2 Qf6 26. Qe3 g5 27. Nc1
g4 28. Nd3 g3+ 29. Kg1 Nxd3 30. Qxd3 Qc3 31. Qxc3 bxc3 32. Nb1 Rb8 33. Nxc3
Rxb3 34. Rc2 Kg7 35. Kf1 Bc8 36. Ke2 Ba6+ 37. Ke1 Bd3 38. Rc1 Rb2 39. Rd1 h3
0-1

[Event "TIPC 2008 Open"]
[Site "Charleroi"]
[Date "2008.07.27"]
[Round "2.5"]
[White "Willey, Tom"]
[Black "De Smet, Frans"]
[Result "1-0"]
[WhiteElo "2299"]
[BlackElo "1974"]
[PlyCount "91"]
[EventDate "2008.07.26"]
[SourceDate "2008.07.26"]

1. d4 Nf6 2. Bg5 Ne4 3. Bf4 c5 4. f3 Qa5+ 5. c3 Nf6 6. Nd2 cxd4 7. Nb3 Qb6 8.
Qxd4 Nc6 9. Qxb6 axb6 10. Nd4 e5 11. Nxc6 exf4 12. Nd4 Be7 13. Nh3 Nh5 14. e3
fxe3 15. Ke2 O-O 16. Kxe3 d5 17. g4 Nf6 18. Nf4 g5 19. Ng2 Bc5 20. Bb5 Bd7 21.
Bd3 Ra4 22. b3 Bxd4+ 23. cxd4 Re8+ 24. Kd2 Ra3 25. Kc3 b5 26. h4 h6 27. hxg5
hxg5 28. Rh2 Rc8+ 29. Kb4 Rca8 30. Ne3 b6 31. Bf5 Be6 32. Bd3 Bd7 33. Nd1 Ne8
34. Nc3 Nc7 35. Nxb5 Bxb5 36. Bxb5 Nxb5 37. Kxb5 Rxb3+ 38. axb3 Rxa1 39. Rb2
Rd1 40. Kxb6 Rxd4 41. Kc5 Rd3 42. b4 Kf8 43. b5 Ke8 44. b6 Rc3+ 45. Kd6 Rc8 46.
b7 1-0

[Event "TIPC 2008 Open"]
[Site "Charleroi"]
[Date "2008.07.27"]
[Round "2.6"]
[White "Krasucki, Youri"]
[Black "Le Quang, Kim"]
[Result "0-1"]
[WhiteElo "1980"]
[BlackElo "2273"]
[PlyCount "80"]
[EventDate "2008.07.26"]
[SourceDate "2008.07.26"]

1. e4 c5 2. Bc4 e6 3. Qe2 Nc6 4. c3 a6 5. Bb3 b5 6. d3 d6 7. f4 Be7 8. Nf3 Nf6
9. O-O O-O 10. Be3 Bb7 11. Nbd2 Ng4 12. d4 cxd4 13. cxd4 Qb6 14. Rae1 Na5 15.
Bc2 Rac8 16. Bb1 f6 17. h3 Nxe3 18. Qxe3 e5 19. Kh1 Nc6 20. Qb3+ Kh8 21. dxe5
dxe5 22. Nc4 Qa7 23. Ne3 Na5 24. Qe6 Bb4 25. Nf5 Bc6 26. Nd6 Bxd6 27. Qxd6 Nc4
28. Qb4 exf4 29. Rc1 a5 30. Qb3 Rfe8 31. Rfe1 Qf2 32. Rc2 Qg3 33. Rce2 Ne3 34.
Rxe3 fxe3 35. Rxe3 Bxe4 36. Bc2 Bxf3 37. gxf3 Qxh3+ 38. Kg1 Qg3+ 39. Kf1 Rxe3
40. Qxe3 Qc7 0-1

[Event "TIPC 2008 Open"]
[Site "Charleroi"]
[Date "2008.07.27"]
[Round "2.8"]
[White "Dal Borgo, Albin"]
[Black "Vanhee, Freddy"]
[Result "1-0"]
[WhiteElo "2219"]
[BlackElo "1964"]
[PlyCount "31"]
[EventDate "2008.07.26"]
[SourceDate "2008.07.26"]

1. d4 g6 2. e4 Bg7 3. Nc3 (3. c3 d6 4. f4 Nd7 5. Nf3 e5 6. dxe5 dxe5 7. fxe5 c6
8. Bc4 Qe7 9. Bg5 Qc5 10. Qd3 Bxe5 11. Nxe5 Qxe5 12. Be3 Qe7 13. Bd4 Ne5 14.
Qg3 f6 15. Bb3 Qg7 16. O-O) 3... d6 4. f4 Nd7 5. Nf3 e5 6. dxe5 dxe5 7. fxe5 c6
8. Bc4 Qe7 9. Bg5 Qc5 10. Qd3 Bxe5 11. Nxe5 Qxe5 12. Be3 Qe7 13. Bd4 Ne5 14.
Qg3 f6 15. Bb3 Qg7 16. O-O 1-0

[Event "TIPC 2008 Open"]
[Site "Charleroi"]
[Date "2008.07.27"]
[Round "2.13"]
[White "Lui, Eric"]
[Black "Noiroux, Kevin"]
[Result "0-1"]
[WhiteElo "1921"]
[BlackElo "2140"]
[PlyCount "35"]
[EventDate "2008.07.26"]
[SourceDate "2008.07.26"]

1. e4 d5 2. exd5 Qxd5 3. Nc3 Qa5 4. d4 Nf6 5. Bc4 Bg4 6. f3 Bf5 7. Bd2 Qb6 8.
Bc1 Nc6 9. Nge2 O-O-O 10. Bxf7 Nxd4 11. Nxd4 e5 12. g4 exd4 13. gxf5 Bb4 14.
Be6+ Kb8 15. Qe2 dxc3 16. Kf1 cxb2 17. Bxb2 Rd2 18. Qe1 0-1

[Event "TIPC 2008 Open"]
[Site "Charleroi"]
[Date "2008.07.27"]
[Round "2.14"]
[White "Uhoda, Philippe"]
[Black "Vanden Berghe, Gregory"]
[Result "1-0"]
[WhiteElo "2134"]
[BlackElo "1910"]
[PlyCount "39"]
[EventDate "2008.07.26"]
[SourceDate "2008.07.26"]

1. d4 d5 2. c4 e6 3. Nc3 Be7 4. cxd5 exd5 5. Bf4 Nf6 6. e3 Bf5 7. Nge2 c6 8.
Ng3 Bg6 9. h4 h6 10. h5 Bh7 11. Bd3 Qb6 12. Bxh7 Qxb2 13. Qc2 Qxa1+ 14. Ke2
Qxh1 15. Nxh1 Nxh7 16. Nxd5 Na6 17. Nxe7 Kxe7 18. Qb3 Nc7 19. Qb4+ c5 20. Qxc5+
1-0

[Event "TIPC 2008 Open"]
[Site "Charleroi"]
[Date "2008.07.27"]
[Round "2.22"]
[White "Lafosse, Jimmy"]
[Black "Frederiksen, Jens"]
[Result "1-0"]
[WhiteElo "2014"]
[BlackElo "1872"]
[PlyCount "45"]
[EventDate "2008.07.26"]
[SourceDate "2008.07.26"]

1. e4 e5 2. Nf3 Nc6 3. Bc4 Nf6 4. d4 exd4 5. e5 Ng4 6. O-O d5 7. Bb5 a6 8.
Bxc6+ bxc6 9. h3 Nh6 10. Bg5 Be7 11. Bxh6 gxh6 12. Nxd4 Rg8 13. Qh5 Rg6 14. f4
Bc5 15. c3 Qe7 16. Nd2 Bd7 17. N2b3 Bxd4+ 18. cxd4 O-O-O 19. f5 Rg5 20. Qe2
Rdg8 21. Qxa6+ Kb8 22. Na5 Rxg2+ 23. Kh1 1-0

[Event "TIPC 2008 Open"]
[Site "Charleroi"]
[Date "2008.07.28"]
[Round "3.1"]
[White "Noiroux, Kevin"]
[Black "Sumets, Andrey"]
[Result "0-1"]
[WhiteElo "2140"]
[BlackElo "2534"]
[PlyCount "76"]
[EventDate "2008.07.26"]
[SourceDate "2008.07.26"]

1. d4 Nf6 2. c4 e6 3. Nc3 Bb4 4. g3 d5 5. Bg2 O-O 6. Nf3 dxc4 7. O-O Nc6 8. e4
Bxc3 9. bxc3 Nxe4 10. Ne5 Nxe5 11. Bxe4 Nd7 12. Qe2 Nf6 13. Bg2 Rb8 14. Qxc4 b5
15. Qc5 Bb7 16. Bg5 Bxg2 17. Bxf6 gxf6 18. Kxg2 Qd6 19. Qh5 Rfd8 20. Qg4+ Kf8
21. h4 b4 22. Rac1 b3 23. axb3 Rxb3 24. Rfd1 Qc6+ 25. Kg1 Rxc3 26. Rxc3 Qxc3
27. Qf4 c5 28. Qxf6 Rxd4 29. Qh6+ Ke8 30. Rc1 Qb2 31. Rf1 Qc2 32. Qh5 Rd5 33.
Qg4 a5 34. Re1 Kf8 35. Qf3 c4 36. Kg2 Rf5 37. Re2 Qd3 38. Qg4 h5 0-1

[Event "TIPC 2008 Open"]
[Site "Charleroi"]
[Date "2008.07.28"]
[Round "3.2"]
[White "Colin, Vincent"]
[Black "Uhoda, Philippe"]
[Result "1-0"]
[WhiteElo "2424"]
[BlackElo "2134"]
[PlyCount "59"]
[EventDate "2008.07.26"]
[SourceDate "2008.07.26"]

1. d4 d6 2. e4 Nf6 3. Nc3 g6 4. f4 Bg7 5. Nf3 c5 6. Bb5+ Bd7 7. e5 Ng4 8. Bxd7+
Qxd7 9. d5 dxe5 10. h3 e4 11. hxg4 exf3 12. Qxf3 Na6 13. Bd2 O-O-O 14. O-O-O f5
15. gxf5 gxf5 16. Be1 Bf6 17. Rh5 Rdg8 18. a3 Rg4 19. g3 Nc7 20. Qd3 Ne8 21.
Rxf5 Ng7 22. Rxf6 exf6 23. Ne4 Rg6 24. Nxc5 Qd6 25. Qb5 Qb6 26. Qc4 Qd6 27. Bb4
Kb8 28. Nxb7 Qb6 29. Nc5 Rd8 30. Ba5 1-0

[Event "TIPC 2008 Open"]
[Site "Charleroi"]
[Date "2008.07.28"]
[Round "3.3"]
[White "Van De Perre, Tom"]
[Black "Saiboulatov, Daniyal"]
[Result "1/2-1/2"]
[WhiteElo "2128"]
[BlackElo "2371"]
[PlyCount "67"]
[EventDate "2008.07.26"]
[SourceDate "2008.07.26"]

1. f4 d5 2. Nf3 g6 3. e3 Bg7 4. Be2 Nf6 5. O-O O-O 6. d3 c5 7. Qe1 Nc6 8. Nc3
d4 9. Nd1 dxe3 10. Nxe3 Nd4 11. Bd1 b6 12. Qh4 e6 13. Kh1 Bb7 14. Qh3 Rc8 15.
Ne5 Rc7 16. a4 Ne8 17. N3g4 Nf5 18. Bf3 Qh4 19. Qxh4 Nxh4 20. Bxb7 Rxb7 21. Nf3
Nxf3 22. Rxf3 Nd6 23. c3 Rd8 24. Nf2 h5 25. g3 a6 26. h3 b5 27. axb5 axb5 28.
Be3 c4 29. Bc5 Ne8 30. g4 Nf6 31. Bd4 hxg4 32. hxg4 cxd3 33. Rxd3 Rbd7 34. Rad1
1/2-1/2

[Event "TIPC 2008 Open"]
[Site "Charleroi"]
[Date "2008.07.28"]
[Round "3.4"]
[White "Laurent, Bruno"]
[Black "Van De Wynkele, Eric"]
[Result "1-0"]
[WhiteElo "2339"]
[BlackElo "2071"]
[PlyCount "61"]
[EventDate "2008.07.26"]
[SourceDate "2008.07.26"]

1. e4 Nf6 2. e5 Nd5 3. d4 d6 4. c4 Nb6 5. exd6 exd6 6. Nc3 Be7 7. Bd3 O-O 8. h3
Nc6 9. Nf3 Bf6 10. O-O g6 11. Be3 d5 12. c5 Nc4 13. Bxc4 dxc4 14. Qa4 Be6 15.
Rfd1 Bd5 16. Nxd5 Qxd5 17. Rac1 Rfd8 18. Qxc4 Ne7 19. Qa4 c6 20. Bf4 Nf5 21.
Be5 Be7 22. Rc3 Rd7 23. Rcd3 f6 24. Bf4 Qe4 25. Bh2 h5 26. b4 Kg7 27. Qb3 Rad8
28. Re1 Qd5 29. Qxd5 cxd5 30. b5 g5 31. c6 1-0

[Event "TIPC 2008 Open"]
[Site "Charleroi"]
[Date "2008.07.28"]
[Round "3.6"]
[White "Le Quang, Kim"]
[Black "Lafosse, Jimmy"]
[Result "1-0"]
[WhiteElo "2273"]
[BlackElo "2014"]
[PlyCount "114"]
[EventDate "2008.07.26"]
[SourceDate "2008.07.26"]

1. c4 g6 2. Nc3 Bg7 3. g3 c5 4. Bg2 e5 5. e3 Nc6 6. Nge2 Nge7 7. O-O O-O 8. a3
d6 9. Rb1 a5 10. d3 f5 11. f4 Be6 12. Nd5 Rb8 13. Nec3 Bf7 14. Bd2 Nxd5 15.
Nxd5 exf4 16. gxf4 Kh8 17. Bc3 Ne7 18. Qd2 Nxd5 19. cxd5 a4 20. b3 axb3 21.
Rxb3 b5 22. Rfb1 Be8 23. e4 fxe4 24. dxe4 Qh4 25. Bxg7+ Kxg7 26. Rf1 Bd7 27. e5
dxe5 28. fxe5 Rxf1+ 29. Bxf1 Rd8 30. Bg2 Qa4 31. Rf3 Be6 32. Rf6 Bg8 33. d6
Qxa3 34. Rf1 Bc4 35. Re1 Be6 36. Qg5 Rf8 37. Qe7+ Bf7 38. e6 Qc3 39. exf7 Rxf7
40. Qe5+ Qxe5 41. Rxe5 Rd7 42. Rd5 Kf6 43. Bh3 Rd8 44. d7 h5 45. Rxc5 g5 46.
Rxb5 g4 47. Bg2 Rxd7 48. Rxh5 Rd2 49. Be4 Re2 50. Bc6 Kg6 51. Ra5 Re3 52. Kg2
Kf6 53. Bd7 Re4 54. Ra4 Re2+ 55. Kg3 Ke5 56. Rxg4 Re1 57. Kh4 Rc1 1-0

[Event "TIPC 2008 Open"]
[Site "Charleroi"]
[Date "2008.07.28"]
[Round "3.8"]
[White "Audin, Thierry"]
[Black "Dal Borgo, Albin"]
[Result "0-1"]
[WhiteElo "2003"]
[BlackElo "2219"]
[PlyCount "48"]
[EventDate "2008.07.26"]
[SourceDate "2008.07.26"]

1. d4 d5 2. Nc3 Nf6 3. Bg5 Nbd7 4. f3 c6 5. Qd2 h6 6. Bh4 e6 7. O-O-O Bb4 8. a3
Be7 9. Nh3 b5 10. e4 dxe4 11. fxe4 b4 12. axb4 Bxb4 13. Bxf6 Nxf6 14. Qe3 Qa5
15. Nb1 O-O 16. Bc4 e5 17. Rhf1 Ng4 18. Qb3 Kh7 19. Bxf7 exd4 20. Rxd4 Bc5 21.
Rd3 Ne5 22. Rd2 Rxf7 23. Rxf7 Nxf7 24. Qxf7 Be3 0-1

[Event "TIPC 2008 Open"]
[Site "Charleroi"]
[Date "2008.07.28"]
[Round "3.9"]
[White "Sarrau, Jelle"]
[Black "Baguet, Frédérique"]
[Result "1/2-1/2"]
[WhiteElo "2203"]
[BlackElo "1991"]
[PlyCount "33"]
[EventDate "2008.07.26"]
[SourceDate "2008.07.26"]

1. e4 d5 2. exd5 Qxd5 3. Nc3 Qa5 4. d4 Nf6 5. Nf3 c6 6. Bd2 Bf5 7. Ne4 Qc7 8.
Nxf6+ gxf6 9. g3 e6 10. Nh4 Bg6 11. Bc4 Nd7 12. Bb3 Qb6 13. Bc3 O-O-O 14. Qd2
Qb5 15. O-O-O Qa6 16. Kb1 Nc5 17. Qe3 {(=)} 1/2-1/2

[Event "TIPC 2008 Open"]
[Site "Charleroi"]
[Date "2008.07.28"]
[Round "3.10"]
[White "Marchiano, Marco"]
[Black "Vanderwaeren, Serge"]
[Result "1/2-1/2"]
[WhiteElo "1948"]
[BlackElo "2197"]
[PlyCount "42"]
[EventDate "2008.07.26"]
[SourceDate "2008.07.26"]

1. e4 b6 2. d4 Bb7 3. Bd3 e6 4. Nf3 c5 5. O-O cxd4 6. Nxd4 Nc6 7. Nxc6 Bxc6 8.
Nc3 Bc5 9. Re1 Ne7 10. Be3 O-O 11. Bxc5 bxc5 12. Qh5 f5 13. exf5 Nxf5 14. Ne4
g6 15. Qg4 Bxe4 16. Bxe4 Rb8 17. Bxf5 Rxf5 18. b3 Qf6 19. Qe2 Rf8 20. f3 Rd5
21. Rad1 Rxd1 1/2-1/2